000 01339cam a22002054a 4500
005 20250605164234.0
008 250528s ||||||||||||||||||||||||d
035 _a21085
020 _a9780340812587
040 _aGR-AtMCL
_bgre
_dGR-AtMCL
_eAACR2
245 1 _aResearch Methods and Statistics in Psychology / Fourth Edition
250 _a4th
260 _bHodder Arnold,
_c2004
300 _a714
520 _aThis book provides a clear and comprehensive survey of research methods, statistical concepts and procedures in Psychology today. Preface, Psychology and Research, Use of Experimental Designs in Psychology, Observational Methods - Watching and Being with People, Interview Methods - Asking People Direct Questions, Questionnaires - Using Psychological Scales and Tests in Research, Qualitative Approaches - Problems with Positivism, Statistics - Organizing the Data, Significance - Was It a Real Effect?, Testing Differences Between two Samples, Tests for Categorical Variables and Frequency Tables, Correlation - The Association of Measured Variables, Multi-Factorial Analysis, Analyzing Qualitative Data, Ethical Issues in Psychological Research, Planning Your Practical and Writing Up Your Report, Appendix, References, Index.
700 1 _aCoolican Hugh
_9268
942 _cBK
999 _c6155
_d6155